[Event "FIN-ch 2017"]
[Site "Helsinki"]
[Date "2017.06.18"]
[Round "7"]
[White "Ebeling, Daniel"]
[Black "Sammalvuo, Tapani"]
[Result "1/2-1/2"]
[WhiteElo "2477"]
[BlackElo "2448"]
[Annotator "TA"]
[PlyCount "221"]
[EventDate "2017.??.??"]
[EventType "tourn"]
[EventCountry "FIN"]
[SourceTitle "playchess.com"]
[Source "ChessBase"]
[SourceQuality "1"]

{[%evp 17,221,0,0,0,0,-10,13,-15,0,0,0,0,0,-10,-6,-22,-8,-35,-30,-35,-37,-51,-10,-28,-7,-8,-3,-15,-3,-8,0,0,0,0,8,8,8,5,8,5,16,16,66,66,70,66,70,70,70,70,70,70,70,70,70,70,70,70,70,70,70,70,70,70,70,70,70,70,70,70,70,70,70,70,70,70,70,0,70,70,70,70,70,70,70,70,70,70,70,70,70,70,70,70,70,70,70,70,70,70,70,70,70,60,70,70,70,0,70,0,70,0,70,0,70,0,70,70,70,70,70,70,70,70,70,70,70,70,70,0,70,0,70,0,70,70,70,70,70,70,70,70,70,70,70,70,70,0,70,60,60,0,70,70,70,70,70,70,70,70,70,70,70,70,70,70,70,70,70,70,70,70,70,70,70,70,70,70,70,70,70,70,70,70,70,70,70,70,70,70,70,70,70,0,70,70,70,70,70,51,70,51,51,51,51,51]} 1. e4 e5 2. Nf3 Nc6 3. Nc3 Nf6 4. Bb5 Bb4 5. O-O O-O 6. d3 Bxc3 7. bxc3 d6 8. Re1 Bd7 9. Rb1 {C49: Four Knights: 4 Bb5 Bb4} a6 {LiveBook: 4 Games} 10. Ba4 (10. Bxc6 Bxc6 11. Bg5 h6 12. Bh4 b6 13. Nd2 g5 14. Bg3 Ne8 15. d4 f6 16. c4 Ng7 17. c3 Qe8 18. f3 Qg6 19. Nf1 g4 20. fxg4 Bxe4 {½-½ (71) Carlsen,M (2826)-Gashimov,V (2719) Nanjing 2010}) 10... b5 11. Bb3 {The position is equal.} Na5 $146 ({Predecessor:} 11... Re8 12. Bg5 h6 13. Bh4 Na5 14. Qd2 Nxb3 15. axb3 Bg4 16. Qe3 a5 {1-0 (47) Nunn,J (2580)-Comp The King I The Hague 1993}) 12. a3 Nxb3 13. cxb3 h6 14. h3 Re8 15. Rb2 c5 16. Nh4 Nd5 17. exd5 Qxh4 18. Re4 Qf6 19. Rbe2 Qg6 {Hoping for ...Bxh3.} 20. R4e3 f5 {aiming for ...f4.} (20... a5 {is more complex.} 21. Rg3 Qh5 22. d4 a4 23. b4 c4) 21. f4 exf4 22. Rxe8+ Rxe8 23. Bxf4 Rxe2 24. Qxe2 {[#] Strongly threatening Qe7.} Qf6 25. c4 Qd4+ (25... g5 {feels hotter.} 26. Bc1 Qa1 27. Qd2 Kf7 28. Kh2 Qe5+) 26. Qe3 Qxe3+ 27. Bxe3 $11 {[%mdl 4096] Endgame And now Bf4 would win. KB-KB} Kf7 28. h4 Ke7 29. Kf2 f4 30. Bxf4 bxc4 31. dxc4 Bf5 32. Ke3 a5 $1 33. Kd2 $1 Kd7 34. Kc3 h5 35. Bg5 Be4 36. g3 g6 37. Bf6 Bf3 38. Kc2 Kc7 39. Kd2 Bg4 40. Bg5 Bf5 41. Bh6 Be4 42. Be3 Bf5 43. Bf4 Kd7 44. Bh6 Kc7 45. Bf8 Kd7 46. Bg7 Kc7 47. Bh6 (47. Bc3 $14) 47... Kd7 (47... Be4 $1 $11) 48. Bf4 $14 Be4 49. Kc3 Bf5 50. Kb2 Kc7 51. Bd2 Kb6 52. Kc3 Kc7 53. Be1 Kb6 54. Kd2 Bg4 55. Bf2 Kc7 56. Bg1 Bf5 57. Bh2 Bg4 58. Kc2 Bf5+ 59. Kc3 Bg4 60. Kd2 Kd7 61. Bg1 Kc7 62. Be3 Bf5 $1 63. Bf4 Kd7 64. Bg5 Kc7 65. Bf6 (65. Be7 $14) 65... Be4 ({Black should play} 65... Bg4 $11) 66. Bg7 Bf5 67. Bh8 Be4 68. Ba1 Bf5 69. Bb2 Be4 70. Bc3 Kb6 71. Bg7 Kc7 72. Bf8 Bf5 73. Bh6 (73. Kc3 $14) 73... Be4 (73... Kd7 $11) 74. Be3 Bf5 $1 75. Bf2 Bg4 $1 76. Kd3 Bf5+ 77. Kc3 Bg4 78. Bg1 Kb7 79. Be3 Kc7 80. Bg5 Bf5 81. Kd2 Kd7 82. Bf4 Be4 $1 83. Kc1 Kc7 84. Kb2 (84. Bd2 $14) 84... Bf3 ({Black should try} 84... Bf5 $1 $11) 85. b4 axb4 86. axb4 cxb4 87. Kb3 Kd7 88. Kxb4 Bg2 89. Kb5 Bf1 90. Bh6 Be2 91. Bg7 Bf1 92. Bf8 Be2 93. Kb4 Bf1 94. Kc3 Bh3 95. Kd4 Bf5 96. Ke3 Bh3 97. Ke4 Bf1 98. Kd4 Bh3 99. Bh6 Bf1 100. Be3 Bh3 101. Bc1 Bf1 102. Bb2 Be2 103. Ba3 Bg4 104. Bb4 Bh3 105. Ba3 Bg4 $1 106. Ke3 {White is slightly better.} Bf5 107. Bb4 Bc2 108. Kf4 Bd3 109. Kg5 Bxc4 110. Kxg6 Be2 $1 111. Ba3 {Precision: White = 74%, Black = 69%.} 1/2-1/2

[Event "FIN-ch 2017"]
[Site "Helsinki"]
[Date "2017.06.18"]
[Round "7"]
[White "Sipila, Vilka"]
[Black "Agopov, Mikael"]
[Result "1/2-1/2"]
[WhiteElo "2415"]
[BlackElo "2423"]
[Annotator "TA"]
[PlyCount "190"]
[EventDate "2017.??.??"]
[EventType "tourn"]
[EventCountry "FIN"]
[SourceTitle "playchess.com"]
[Source "ChessBase"]
[SourceQuality "1"]

{[%evp 16,190,0,0,0,0,0,0,0,-33,5,7,22,21,46,36,35,29,79,66,74,74,75,43,67,38,43,38,72,24,32,10,27,0,0,0,2,0,0,0,0,0,0,0,0,0,19,0,0,0,0,0,2,2,14,-156,0,0,0,0,0,0,0,0,0,0,0,0,0,0,0,0,0,0,0,0,0,0,0,0,0,0,0,0,0,0,0,0,0,0,0,0,0,0,0,0,0,0,0,0,0,0,0,0,0,0,0,0,0,0,0,0,0,0,0,0,0,0,0,0,0,0,0,0,0,0,0,0,0,0,0,0,0,0,0,0,0,0,0,0,0,0,0,0,0,0,0,0,0,0,0,0,0,0,0,0,0,0,0,0,0,0,0,0,0,0,0,0,0,0,0,0,0,0,0,0,0]} 1. c4 c5 2. g3 Nc6 3. Bg2 g6 4. Nc3 Bg7 5. Nf3 d6 6. O-O Bf5 7. Re1 {A37: Symmetrical English vs ...g6: 4 Bg2 Bg7 5 Nf3} (7. h3 Rb8 8. d3 Nf6 9. Be3 O-O 10. Qd2 a6 11. Bh6 b5 12. Nd5 Re8 13. Bxg7 Kxg7 14. Nxf6 exf6 {0-1 (79) Kuzubov,Y (2637)-Anton Guijarro,D (2660) Minsk 2017}) 7... Qd7 8. Nd5 $146 ({Predecessor:} 8. d3 Bh3 9. Bh1 h5 10. Nd5 h4 11. Qa4 Rc8 12. Rb1 hxg3 13. fxg3 Nf6 14. Bd2 O-O {1-0 (50) Hansen,T (2479)-Varley,N (2115) Norway 2016}) 8... Nf6 9. d3 {LiveBook: 3 Games} O-O 10. Bg5 Nxd5 11. cxd5 Nd4 12. Nh4 h6 13. Nxf5 hxg5 14. Nxg7 Kxg7 15. e3 Nb5 16. d4 cxd4 17. a4 Nc7 18. Qxd4+ f6 19. f4 a5 20. fxg5 {Hoping for Rf1.} Na6 21. Rf1 Nc5 22. Qh4 fxg5 23. Qxg5 Rf6 24. Qh4 Rh8 25. Qc4 $1 Rxf1+ 26. Rxf1 Qxa4 27. Qc3+ Kg8 28. e4 Qb4 29. Qf3 {[%csl Gf1][%cal Rf3f7] [#]} Qd4+ 30. Kh1 {[%csl Gf1][%cal Rf3f7]} Qg7 31. e5 Rh5 32. exd6 exd6 33. Qf6 (33. Qf4 $5 {[%cal Rf4d6]} Qe7 34. Qd2 $11) 33... Qxf6 34. Rxf6 $11 {[%mdl 4096] Endgame KRB-KRN} Re5 35. Bf3 $2 (35. h4 $11) 35... Kg7 $2 (35... Re1+ $17 36. Kg2 Rb1 37. Rxg6+ Kh7 38. Rxd6 Rxb2+ 39. Kh3 a4) 36. Rxd6 {Threatens to win with Rb6.The position is equal.} Re3 37. Bg4 Rb3 38. Rd8 Rxb2 39. d6 a4 {...a3 is the strong threat.} 40. d7 {Strongly threatening Rg8+!} Rd2 41. Rb8 Nxd7 42. Rxb7 a3 43. Bxd7 {KRB-KR} a2 44. Be6+ Kf6 {[#]} 45. Bxa2 $1 Rxa2 {KR-KR} 46. Rb1 g5 47. Kg1 g4 48. Rf1+ (48. h3 $5) 48... Kg5 49. Rf2 Ra3 (49... Ra1+ {is interesting.} 50. Kg2 Ra5 51. h4+ gxh3+) 50. Rd2 Kf5 51. Kf2 Rb3 52. Ke2 (52. h3 $5) 52... Ra3 53. Kd1 (53. h3 $5) 53... Ra1+ 54. Ke2 Ra3 55. Rc2 Ra1 56. Rc5+ (56. h3 $5) 56... Ke4 57. Rc4+ Kf5 58. Kd3 (58. h3 $5) 58... Ra3+ 59. Kd4 Ra2 60. Rc5+ (60. h3 $5) 60... Kg6 61. Ke4 Rf2 62. Rc8 Kg5 63. Rg8+ Kh5 64. Ke3 (64. h3 {seems wilder.} gxh3) 64... Ra2 65. Rd8 (65. h3 $5) 65... Kg5 66. Rd5+ Kf6 67. Rd2 (67. h3 $5) 67... Ra3+ 68. Ke4 Kg5 69. Rd5+ Kg6 70. Re5 Rf3 71. Re8 (71. h4 $5 {[%cal Re5g5]}) 71... Rf1 {aiming for ...Re1+.} 72. Rg8+ Kh5 73. Rd8 (73. h3 $5) 73... Re1+ 74. Kf5 {[%cal Rd8h8]} Rf1+ 75. Ke5 Kg5 76. Ke6 Rf2 77. Rg8+ Kh5 78. Ke7 (78. h3 $5) 78... Ra2 79. Rg7 (79. Kf6 $5 {[%cal Rg8h8]} Rf2+ 80. Ke5 $11) 79... Ra7+ 80. Kf6 Ra6+ 81. Kf7 Ra7+ 82. Kg8 Rxg7+ 83. Kxg7 {And now Kf6 would win. KPP-KP} Kg5 84. Kf7 Kf5 85. Ke7 $1 {[%cal Re7f7]} Ke5 86. Kd7 (86. Kf8 $5 {[%cal Rf8g7]} Kf6 87. Kg8 $11) 86... Kd5 87. Kc7 (87. Ke8 $5 {[%cal Re8f7]} Ke6 88. Kd8 $11) 87... Kc5 88. Kb7 Kb5 89. Ka7 {Black must now prevent Kb7.} Kc6 90. Kb8 Kb6 91. Ka8 Kc6 92. Kb8 Kb6 93. Ka8 Kc7 (93... Kc6 $5 {[%cal Rc6d5]} 94. Kb8 $11) 94. Ka7 Kc6 {( -> ...Kd5)} 95. Kb8 Kb6 {Precision: White = 59%, Black = 78%.} 1/2-1/2

[Event "FIN-ch 2017"]
[Site "Helsinki"]
[Date "2017.06.18"]
[Round "7"]
[White "Maki-Uuro, Miikka"]
[Black "Virtanen, Teemu"]
[Result "0-1"]
[WhiteElo "2337"]
[BlackElo "2141"]
[Annotator "TA"]
[PlyCount "72"]
[EventDate "2017.??.??"]
[EventType "tourn"]
[EventCountry "FIN"]
[SourceTitle "playchess.com"]
[Source "ChessBase"]
[SourceQuality "1"]

{[%evp 17,72,-27,-24,-51,-29,-25,-9,-32,-21,-43,-52,-60,-56,-121,-119,-179,-160,-190,-110,-104,-125,-123,-38,-31,0,0,0,0,0,0,0,-1,0,-44,-66,-89,-87,-106,-76,-125,-111,-210,-223,-279,-233,-235,-171,-272,-264,-254,-259,-234,-247,-385,-372,-387,-356]} 1. d4 d6 2. e4 Nf6 3. Nc3 Nbd7 4. Nf3 e5 5. g4 (5. Bc4 Be7 6. a4 O-O 7. O-O a5 8. Qe2 c6 9. Rd1 Qc7 10. Ba2 exd4 11. Nxd4 Re8 12. Bf4 Ne5 13. h3 Bf8 14. Bg5 Qe7 15. f4 Ng6 16. f5 Ne5 17. Kh1 b6 {0-1 (42) Demchenko,A (2629)-Jobava,B (2713) Minsk 2017}) 5... Nxg4 6. Rg1 {C41: Philidor Defence} Ngf6 7. Be3 c6 8. Qd2 Qe7 9. O-O-O g6 {LiveBook: 6 Games} 10. Bc4 {Strongly threatening Ng5.} Bg7 (10... Nb6 $5 {[%cal Rb6c4]} 11. Bb3 Be6 $11) 11. dxe5 dxe5 12. Ng5 $146 ({Predecessor:} 12. Bh6 O-O {1-0 (21) Nguyen,T (2399)-Neuman,P (2427) Czech Republic 2015}) 12... O-O 13. a3 Nb6 14. Ba2 Ng4 15. Bxb6 (15. Nxf7 $15 Rxf7 16. Qd8+ Bf8 17. Bg5 Qxd8 18. Rxd8) 15... axb6 $17 16. Nxf7 (16. Kb1 $17 {was worth a try.}) 16... Rxf7 $19 17. Qd8+ Bf8 ({Better is} 17... Qf8 $19 18. Bxf7+ Kxf7 19. Rd7+ Kg8 20. Qxf8+ Bxf8) 18. Rxg4 $17 Bxg4 19. Qxa8 {[#]} Bxd1 (19... Be6 $1 $17 20. Bxe6 Qxe6) 20. Nxd1 Kg7 21. Bxf7 Kxf7 22. Kb1 Qd7 23. Ne3 b5 {[%cal Bb6b5,Bb5a4][%mdl 32]} 24. Qb8 Bg7 25. a4 bxa4 26. Qa7 Bh6 27. Nc4 Bf4 28. h3 Kf6 29. Qc5 (29. Qb8 $17 {was the only defense.}) 29... h5 $19 ({Don't play} 29... Qxh3 30. Qf8+ Kg5 31. Qe7+ Kh6 32. Ka2 $17) 30. h4 {intending Qf8+.} Qe7 31. Qb6 g5 $36 {[%mdl 2048] Black is really pushing.} 32. Ne3 (32. hxg5+ $142 Kg6 33. f3) 32... Bxe3 $1 33. Qxe3 {[#]} Kg6 $1 ({But not} 33... gxh4 34. Qh6+ Kf7 35. Qxh5+ Kg7 36. Qg4+ Kh6 37. f3 $17) 34. hxg5 Qxg5 35. Qh3 (35. Qa7 $142 Qd2 36. Qxa4) 35... Qg1+ 36. Ka2 Qxf2 {Precision: White = 32%, Black = 81%.} 0-1

[Event "FIN-ch 2017"]
[Site "Helsinki"]
[Date "2017.06.18"]
[Round "7"]
[White "Niemi, Kalle"]
[Black "Karttunen, Mika"]
[Result "1/2-1/2"]
[WhiteElo "2331"]
[BlackElo "2465"]
[Annotator "TA"]
[PlyCount "140"]
[EventDate "2017.??.??"]
[EventType "tourn"]
[EventCountry "FIN"]
[SourceTitle "playchess.com"]
[Source "ChessBase"]
[SourceQuality "1"]

{[%evp 12,140,22,25,36,35,40,46,57,64,70,42,47,36,18,20,56,29,79,88,116,81,193,122,141,139,130,143,133,83,79,69,80,60,62,59,74,64,65,58,81,36,25,0,16,-8,0,0,0,0,0,0,29,18,18,17,16,4,6,0,0,-6,23,23,23,23,27,27,19,19,18,0,0,0,0,0,0,-8,-8,-60,-8,-8,0,-8,-8,-8,-8,-8,-8,-8,-8,-8,-8,-8,-8,-8,-8,-8,-8,-8,-8,-8,0,0,0,0,0,0,0,0,0,0,0,0,0,0,0,0,0,0,0,0,0,0,0,0,0,0,0,0,0]} 1. e4 e6 2. d4 d5 3. Nd2 c5 4. exd5 exd5 5. Ngf3 Nc6 6. Bb5 Qe7+ 7. Be2 cxd4 {C09: French Tarrasch: 3...c5 4 exd5 exd5 5 Ngf3 Nc6} (7... Nf6 8. O-O Qc7 9. Re1 cxd4 10. Nb3 Bb4 11. Bd2 Bxd2 12. Qxd2 O-O 13. Nfxd4 Bd7 14. Nxc6 bxc6 15. Nc5 {½-½ (28) Rublevsky,S (2702)-Zvjaginsev,V (2660) Berlin 2015}) 8. O-O Qc7 9. Nb3 Bd6 {White is slightly better.} 10. Nbxd4 a6 11. Nxc6 $146 ({Predecessor:} 11. b3 Nge7 12. Bb2 O-O 13. Nxc6 bxc6 14. c4 Be6 15. Qc2 dxc4 16. Bxc4 Bxc4 17. Qxc4 {1-0 (38) Keres,P-Capablanca,J Netherlands 1938}) 11... bxc6 12. Qd4 Nf6 13. Bg5 Be7 14. Rfe1 $36 {[%mdl 2048] White is pushing.} h6 15. Bf4 Qd8 {[#]} 16. Ne5 $1 {[%cal Re5c6]} c5 (16... Bd7 $16) 17. Qa4+ (17. Qe3 $18 {Hoping for Nc6.} Qb6 18. Nc6) 17... Bd7 $16 18. Nxd7 Qxd7 19. Qxd7+ Kxd7 20. Rad1 Bd6 21. Bc1 (21. Be3 {looks sharper.} Rhe8 22. g3 Rab8 23. b3 Kc7 24. Kg2) 21... Rhe8 22. Bf3 (22. g3 {keeps more tension.} c4 23. b3 Rac8 24. Be3 Bb4 25. Rf1) 22... Rxe1+ 23. Rxe1 Rb8 24. g3 c4 25. Kf1 Bc5 26. c3 Rb6 27. Bg2 Rb8 28. f3 Kc6 29. Re2 Bd6 30. f4 Bc5 31. Bf3 Re8 32. Rxe8 Nxe8 $11 {[%mdl 4096] Endgame KBB-KBN} 33. g4 Nd6 34. h4 f5 35. b3 fxg4 36. Bxg4 Ne4 37. bxc4 Nxc3 38. Bf3 Kd6 39. cxd5 Nxd5 40. Bb2 g6 41. Be5+ Ke6 42. Bg4+ Ke7 43. Bc8 a5 44. Kg2 Bd6 45. Bb7 (45. Bxd6+ $11 Kxd6 46. Kf3) 45... Ne3+ (45... Bxe5 $15 46. Bxd5 Bxf4) 46. Kf3 {The position is equal.} Nf5 47. Kg4 Bxe5 48. fxe5 {KB-KN} Ke6 49. h5 $1 gxh5+ 50. Kxh5 Kxe5 51. Bc8 Nd6 (51... Ne7 $5 {[%cal Re7c8]} 52. Bd7 Kd6 $11) 52. Ba6 Kd4 (52... a4 $5 {[%cal Ra4a3]}) 53. Kxh6 Ne4 54. Bc8 Nc5 55. Kg5 a4 56. Kf4 a3 57. Bf5 Kc3 58. Bg6 Nb3 59. Bf7 $1 {[%cal Rf7b3]} Nc1 {[#] Threatens to win with ...Kb2.} 60. Ke3 $1 Nd3 61. Bg8 Ne5 62. Be6 Nc6 63. Bf7 Kb2 64. Kd2 Nd4 65. Bd5 Nb5 66. Bf7 Nc3 67. Bg8 $1 Nxa2 68. Bxa2 Kxa2 69. Kc2 Ka1 70. Kc1 Ka2 {Precision: White = 58%, Black = 53%.} (70... a2 $5) 1/2-1/2